00490nam a2200157 a 4500008004100000020001800041050001500059100001900074245011900093260002800212300002100240350001100261500003400272650001600306650001000322160526s2011 ||||||||||||||||| || u a9780415779098 aKJ 801 Rou aSmith Cindy, J10aRoutledge handbook of international criminologycEdited by Cindy J. Smith, Sheldon X. Zhang, and Rosemary Barberet aLondonbRoutledgec2011 axxxi, 552p. ill. a225.00 aIncludes references and index 0aCRIMINOLOGY aCRIME